[Event "British KO-ch 2019"]
[Site "London"]
[Date "2019.12.07"]
[Round "4.1"]
[White "Adams, Michael"]
[Black "Howell, David W L"]
[Result "1/2-1/2"]
[WhiteElo "2692"]
[BlackElo "2701"]
[Annotator "TA"]
[PlyCount "80"]
[EventDate "2019.11.30"]
[EventType "k.o."]
[EventCountry "ENG"]
[SourceTitle "playchess.com"]
[Source "ChessBase"]
[SourceQuality "1"]

{[%evp 9,80,0,-14,-7,0,-37,-37,-60,-17,-27,-31,-28,-10,-31,-20,-59,-73,-65,-60,-106,-107,-97,-105,-86,-90,-114,-53,-172,-168,-178,-70,-68,315,-245,-228,-297,-293,-338,-266,-258,-242,-252,-235,-341,-216,-230,-180,-195,-193,-195,-191,-189,-179,-206,-157,-186,0,-197,-79,-80,-89,-125,-83,-197,-135,-149,-67,-72,0,-143,0,-85,0]} 1. Nf3 d5 2. c4 d4 3. b4 c5 4. e3 Nf6 $146 (4... dxe3 5. fxe3 cxb4 6. d4 Nf6 7. Bd3 g6 8. a3 bxa3 9. O-O Bg7 10. Nc3 O-O 11. Bxa3 b6 12. Kh1 Nc6 13. Rc1 Bg4 14. h3 Bxf3 15. Qxf3 {1-0 (45) Wei,Y (2735)-Inarkiev,E (2690) Magas 2018}) 5. Bb2 dxe3 $1 6. fxe3 {A09: Réti Opening: 1 Nf3 d5 2 c4} cxb4 7. d4 g6 8. Bd3 {Black is slightly better.} Bg7 9. O-O O-O 10. a3 bxa3 11. Rxa3 Nc6 12. Qe1 a5 13. Nc3 Nb4 14. Bb1 b6 15. Na2 Nxa2 16. Bxa2 Bf5 17. Ne5 Be4 (17... Qc7 $17 18. Bb1 Bxb1 19. Qxb1 Ne8) 18. d5 (18. Qh4 $1 $15) 18... Qd6 $1 $36 {[%cal Rf6d5][%mdl 2048] Black is in control.} 19. Qh4 Bf5 (19... Bc2 $19 {Strongly threatening ...Ne4.} 20. Rf2 g5 $1 {[%mdl 512]} 21. Qxg5 Ne4 {[%mdl 64] Double Attack} 22. Qxg7+ Kxg7 23. Nxf7+ Kg6 24. Nxd6 Nxf2) 20. Nc6 $1 $15 Bd7 $2 {[%mdl 8192] [#]} (20... Rfe8 $15 {keeps the upper hand.} 21. Rb3 Ng4) 21. Nd4 $4 {[%mdl 8192]} (21. c5 $1 $18 {[%cal Rc5d6][%mdl 512] was the only winning move.} Qxc5 (21... bxc5 22. Be5) 22. Rc3) 21... Ng4 $19 22. Rd3 Bf6 23. Qg3 Qxg3 24. hxg3 Rfc8 25. Rc1 a4 26. Kf1 (26. Rb1 $142) 26... Rc7 27. Ke2 Rac8 28. Ba3 Ne5 29. Rdc3 Kg7 30. Kd2 h5 31. R3c2 Kh7 32. Rc3 Kg7 33. R3c2 $1 Bf5 (33... Ng4 $19 {has better winning chances.} 34. Rc3 Re8) 34. Nxf5+ $17 gxf5 35. Ke2 Kg6 36. Kd2 (36. c5 $17) 36... Kg5 ({Black should try} 36... Rg8 $19 {...Kh7 is the strong threat.} 37. Rb1 Kh7) 37. Ke2 Kg4 ({Black should play} 37... Nd7 $17 38. Rb1 Ra7) 38. Rf1 $1 $15 Kg5 (38... Nd7 $142 39. d6 Rc6 40. dxe7 Nc5) 39. Rfc1 $1 $17 Kg4 (39... Nd7 $142 40. Rb1 Ra7) 40. Rf1 $1 Kg5 {Accuracy: White = 40%, Black = 43%.} ({Better is} 40... Re8 $17 41. Rf4+ Kg5) 1/2-1/2

[Event "British KO-ch 2019"]
[Site "London"]
[Date "2019.12.09"]
[Round "4.2"]
[White "Adams, Michael"]
[Black "Howell, David W L"]
[Result "0-1"]
[WhiteElo "2692"]
[BlackElo "2701"]
[Annotator "ChessBase"]
[PlyCount "64"]
[EventDate "2019.11.30"]
[EventType "k.o."]
[EventCountry "ENG"]
[SourceTitle "playchess.com"]
[Source "ChessBase"]
[SourceQuality "1"]
[TimeControl "300+3"]

1. e4 {[%emt 0:00:00]} c6 {[%emt 0:00:00]} 2. d4 {[%emt 0:00:00]} d5 {[%emt 0:00:01]} 3. e5 {[%emt 0:00:01]} Bf5 {[%emt 0:00:01]} 4. Nf3 {[%emt 0:00:01]} e6 {[%emt 0:00:02]} 5. Be2 {[%emt 0:00:01]} Ne7 {[%emt 0:00:01]} 6. O-O {[%emt 0:00:03]} Ng6 {[%emt 0:00:05]} 7. a4 {[%emt 0:00:10]} Nd7 {[%emt 0:00:04]} 8. Be3 {[%emt 0:00:05]} f6 {[%emt 0:00:04]} 9. exf6 {[%emt 0:00:05]} Qxf6 {[%emt 0:00:07]} 10. Bd3 {[%emt 0:00:02]} Bd6 {[%emt 0:00:03]} 11. Bxf5 {[%emt 0:00:11]} Qxf5 {[%emt 0:00:01]} 12. Nc3 {[%emt 0:00:02]} O-O {[%emt 0:00:21]} 13. Ne2 {[%emt 0:00:04]} Rae8 {[%emt 0:00:57]} 14. Ng3 {[%emt 0:00:14]} Qf6 {[%emt 0:00:02]} 15. c4 {[%emt 0:01:03]} Nh4 {[%emt 0:00:29]} 16. Nxh4 {[%emt 0:00:52]} Qxh4 {[%emt 0:00:02]} 17. cxd5 {[%emt 0:00:19]} exd5 {[%emt 0:00:06]} 18. Qd2 {[%emt 0:00:06]} h6 {[%emt 0:00:28]} 19. Rfe1 {[%emt 0:00:09]} Nf6 {[%emt 0:00:12]} 20. f3 {[%emt 0:00:37]} Bxg3 {[%emt 0:00:12]} 21. hxg3 {[%emt 0:00:01]} Qxg3 {[%emt 0:00:01]} 22. Bf4 {[%emt 0:00:03]} Qg6 {[%emt 0:00:06]} 23. Be5 {[%emt 0:00:16]} Nd7 {[%emt 0:00:10]} 24. Ra3 {[%emt 0:00:01]} c5 {[%emt 0:00:43]} 25. Rae3 {[%emt 0:00:17]} Nxe5 {[%emt 0:00:07]} 26. Rxe5 {[%emt 0:00:02]} Rxe5 {[%emt 0:00:03]} 27. Rxe5 {[%emt 0:00:01]} Rxf3 {[%emt 0:00:09]} 28. dxc5 {[%emt 0:00:02]} Rd3 {[%emt 0:00:11]} 29. Qe2 {[%emt 0:00:19]} Rd4 {[%emt 0:00:19]} 30. Re7 {[%emt 0:00:35]} Rxa4 {[%emt 0:00:47]} 31. Rxb7 {[%emt 0:00:06]} Kh7 {[%emt 0:00:32]} 32. b4 {[%emt 0:00:21]} d4 {[%emt 0:00:06]} 0-1

[Event "British KO-ch 2019"]
[Site "London"]
[Date "2019.12.07"]
[Round "4.4"]
[White "Adams, Michael"]
[Black "Howell, David W L"]
[Result "1/2-1/2"]
[WhiteElo "2692"]
[BlackElo "2701"]
[Annotator "ChessBase"]
[PlyCount "34"]
[EventDate "2019.11.30"]
[EventType "k.o."]
[EventCountry "ENG"]
[SourceTitle "playchess.com"]
[Source "ChessBase"]
[SourceQuality "1"]
[TimeControl "300+3"]

1. e4 {[%emt 0:00:00]} c6 {[%emt 0:00:00]} 2. Nf3 {[%emt 0:00:00]} d5 {[%emt 0:00:00]} 3. Nc3 {[%emt 0:00:01]} dxe4 {[%emt 0:00:07]} 4. Nxe4 {[%emt 0:00:01]} Nf6 {[%emt 0:00:02]} 5. Qe2 {[%emt 0:00:01]} Be6 {[%emt 0:00:01]} 6. d3 {[%emt 0:00:22]} g6 {[%emt 0:00:01]} 7. Nfg5 {[%emt 0:00:51]} Nxe4 {[%emt 0:00:54]} 8. dxe4 {[%emt 0:00:02]} Qc8 {[%emt 0:01:01]} 9. Nxe6 {[%emt 0:00:02]} Qxe6 {[%emt 0:00:01]} 10. Qc4 {[%emt 0:00:02]} Qxc4 {[%emt 0:01:08]} 11. Bxc4 {[%emt 0:00:02]} Nd7 {[%emt 0:00:00]} 12. a4 {[%emt 0:00:14]} Bg7 {[%emt 0:00:05]} 13. c3 {[%emt 0:00:05]} Ne5 {[%emt 0:00:51]} 14. Be2 {[%emt 0:00:01]} O-O-O {[%emt 0:00:02]} 15. Be3 {[%emt 0:00:06]} b6 {[%emt 0:00:27]} 16. Rd1 {[%emt 0:00:12]} h5 {[%emt 0:00:26]} 17. f3 {[%emt 0:00:11]} Rxd1+ {[%emt 0:00:19]} 1/2-1/2

[Event "British KO-ch 2019"]
[Site "London"]
[Date "2019.12.07"]
[Round "4.5"]
[White "Howell, David W L"]
[Black "Adams, Michael"]
[Result "0-1"]
[WhiteElo "2701"]
[BlackElo "2692"]
[Annotator "TA"]
[PlyCount "134"]
[EventDate "2019.11.30"]
[EventType "k.o."]
[EventCountry "ENG"]
[SourceTitle "playchess.com"]
[Source "ChessBase"]
[SourceQuality "1"]

{[%evp 9,134,-10,19,-4,0,-11,-7,-13,5,5,6,6,7,-2,28,14,1,0,-3,-4,0,0,0,0,0,-10,0,-8,0,-8,-9,-16,0,-12,0,-17,-1,0,0,-31,0,0,8,-11,-13,-13,-10,-8,-8,-8,-10,-15,-15,-4,0,0,0,0,0,0,0,0,0,0,0,-16,13,20,81,0,0,0,0,0,0,0,0,-19,-19,-24,-20,-100,-100,-100,-93,-141,-141,-141,-141,-141,-141,-370,-370,-370,-100,-100,-100,-132,-100,-100,-100,-132,-132,-132,0,-100,-100,-100,-100,-29957,-29955,-29953,-12813,-29955,-29957,-29955,-29940,-8016,-7547,-5435,-5427,-29984,-29985,-29985,-29986,-29989,-29987]} 1. d4 Nf6 2. Bf4 d5 3. e3 e6 4. Nd2 Bd6 5. Bg3 c5 6. Ngf3 {D00: 1 d4 d5: Unusual lines} O-O 7. Bd3 b6 8. c3 {The position is equal.} Ba6 9. Bxa6 Nxa6 10. Qe2 (10. O-O Bxg3 11. hxg3 Qc7 12. Qe2 Nb8 13. e4 dxe4 14. Nxe4 Nbd7 {1-0 (55) Duda,J (2738)-Giri,A (2783) St Petersburg 2018}) 10... Nb8 11. e4 {e5 is the strong threat.} Be7 12. exd5 Qxd5 $146 ({Predecessor:} 12... exd5 13. O-O Nc6 14. Ne5 Rc8 {0-1 (56) Travadon,L (2334)-Blohberger,F (2427) Riga 2018}) 13. O-O cxd4 14. Nxd4 Nc6 15. N2f3 Nxd4 16. Nxd4 Rfd8 17. Rfd1 Qb7 18. a4 a6 19. Qf3 Qxf3 20. Nxf3 Rdc8 21. Kf1 Kf8 22. Rd3 Ke8 23. Be5 g6 24. Re1 Rc5 25. Bd4 Rd5 26. c4 Rd6 27. Red1 Rad8 28. Ke2 Nd7 29. Be3 Rxd3 30. Rxd3 Rc8 31. b3 Bc5 32. Bd2 a5 33. Ng5 Ne5 34. Rh3 h5 35. Bc3 Nc6 36. Ne4 Rd8 37. Rd3 (37. g4 {looks sharper.} hxg4 38. Rh8+ Kd7 39. Rh7 Rf8 40. Bg7) 37... Rxd3 38. Kxd3 $11 {[%mdl 4096] Endgame KBN-KBN} Be7 (38... Nb4+ $11 {keeps the balance.} 39. Ke2 Na6) 39. f4 (39. c5 $1 $16) 39... f5 40. Nd2 Bd6 41. g3 e5 42. fxe5 Nxe5+ 43. Bxe5 Bxe5 {KB-KN} 44. c5 bxc5 45. Kc4 (45. Nf3 $1 $11 Bd6 46. Kc4) 45... f4 $1 $17 {[%cal Rf4g3]} 46. gxf4 Bxf4 47. Nf3 g5 48. h3 g4 49. hxg4 hxg4 50. Ne1 $2 (50. Nh4 $17 {was the only chance.}) 50... Bd2 $19 51. Ng2 Ke7 $2 (51... Bb4 $1 $19 {has better winning chances.} 52. Kd3 Kf7) 52. Kxc5 $17 Kf6 53. Kd4 Kg5 54. Kd3 {[#]} Bb4 $1 55. Ke4 Bc5 56. Kd5 Bf2 {[#]} (56... Be7 $17 {White must now prevent ...g3.} 57. Ke4 Bb4) 57. Ke5 (57. b4 $1 $11 {[%mdl 512] remains equal.}) 57... g3 {aiming for ...Kg4.} 58. Ke4 Kg4 {Threatens to win with ...Bc5.} 59. Nf4 $2 {[%mdl 8192]} (59. Kd3 $17) 59... Bc5 60. Ng2 Bb6 61. Nf4 Ba7 62. Ng2 Bc5 63. Nf4 Bb4 64. Ng2 Bd2 65. Kd3 Kh3 {Black mates.} 66. Kxd2 Kxg2 67. b4 Kf2 {Accuracy: White = 46%, Black = 61%.} (67... axb4 68. a5 $11) 0-1

[Event "British KO-ch 2019"]
[Site "London"]
[Date "2019.12.09"]
[Round "4.6"]
[White "Adams, Michael"]
[Black "Howell, David W L"]
[Result "1/2-1/2"]
[WhiteElo "2692"]
[BlackElo "2701"]
[Annotator "RC"]
[PlyCount "102"]
[EventDate "2019.11.30"]
[EventType "k.o."]
[EventCountry "ENG"]
[SourceTitle "playchess.com"]
[Source "ChessBase"]
[SourceQuality "1"]
[TimeControl "300+3"]

1. c4 {[%emt 0:00:00]} b6 {[%emt 0:00:00]} 2. d4 {[%emt 0:00:00]} Bb7 {[%emt 0:00:00]} 3. Nc3 {[%emt 0:00:02]} Nf6 {[%emt 0:00:01]} 4. Nf3 {[%emt 0:00:04]} e6 {[%emt 0:00:07]} 5. g3 {[%emt 0:00:02]} Bb4 {[%emt 0:00:04]} 6. Bg2 {[%emt 0:00:01]} Bxc3+ 7. bxc3 {[%emt 0:00:01]} d6 {[%emt 0:00:18]} 8. O-O {[%emt 0:00:08]} Nbd7 {[%emt 0:00:01]} 9. Re1 {[%emt 0:00:10]} O-O {[%emt 0:00:02]} 10. Qc2 {[%emt 0:00:17]} Be4 {[%emt 0:00:06]} 11. Qb3 {[%emt 0:00:04]} e5 {[%emt 0:00:24]} 12. Bh3 {[%emt 0:00:19]} Re8 {[%emt 0:00:08]} 13. Bb2 {[%emt 0:00:40]} Bb7 {[%emt 0:00:34]} 14. Nh4 {[%emt 0:00:06]} Ne4 {[%emt 0:00:46]} 15. Rad1 {[%emt 0:00:16]} Ng5 {[%emt 0:00:33]} 16. Bg2 {[%emt 0:00:02]} Bxg2 {[%emt 0:00:02]} 17. Kxg2 {[%emt 0:00:02]} Qc8 {[%emt 0:00:13]} 18. Bc1 {[%emt 0:00:08]} h6 {[%emt 0:00:13]} 19. Bxg5 {[%emt 0:00:37]} hxg5 {[%emt 0:00:01]} 20. Nf5 {[%emt 0:00:08]} Nf6 {[%emt 0:00:09]} 21. Ne3 {[%emt 0:00:03]} Qe6 {[%emt 0:00:30]} 22. Nd5 {[%emt 0:00:07]} Nxd5 {[%emt 0:00:11]} 23. cxd5 {[%emt 0:00:01]} Qg6 {[%emt 0:00:04]} 24. Qc4 {[%emt 0:00:17]} Rac8 {[%emt 0:00:14]} 25. e4 {[%emt 0:00:05]} g4 {[%emt 0:00:02]} 26. h3 {[%emt 0:00:17]} exd4 {[%emt 0:00:12]} 27. Qxd4 {[%emt 0:00:19]} gxh3+ {[%emt 0:00:14]} 28. Kxh3 {[%emt 0:00:02]} Re5 {[%emt 0:00:01]} 29. Kg2 {[%emt 0:00:41]} Rce8 {[%emt 0:00:02]} 30. f3 {[%emt 0:00:01]} f5 {[%emt 0:00:11]} 31. Rh1 {[%emt 0:00:06]} fxe4 {[%emt 0:00:09]} 32. f4 {[%emt 0:00:01]} Rh5 {[%emt 0:00:18]} 33. Qe3 {[%emt 0:00:10]} Kf7 {[%emt 0:00:26]} 34. c4 {[%emt 0:00:49]} Reh8 {[%emt 0:00:01]} 35. Rde1 {[%emt 0:00:03]} Rxh1 {[%emt 0:00:13]} 36. Rxh1 {[%emt 0:00:01]} Rxh1 {[%emt 0:00:01]} 37. Kxh1 {[%emt 0:00:01]} Kf6 {[%emt 0:00:02]} 38. Kg2 {[%emt 0:00:05]} Kf5 {[%emt 0:00:02]} 39. Qa3 {[%emt 0:00:07]} Qg4 {[%emt 0:00:13]} 40. Qe3 {[%emt 0:00:03]} Qd1 {[%emt 0:00:04]} 41. Qc3 {[%emt 0:00:05]} Qe2+ {[%emt 0:00:04]} 42. Kh3 {[%emt 0:00:01]} Qf1+ {[%emt 0:00:03]} 43. Kh2 {[%emt 0:00:01]} Qf2+ {[%emt 0:00:02]} 44. Kh3 {[%emt 0:00:01]} e3 {[%emt 0:00:02]} 45. Qxg7 {[%emt 0:00:13]} e2 {[%emt 0:00:06]} 46. Qh7+ {[%emt 0:00:01]} Kf6 {[%emt 0:00:02]} 47. Qh6+ {[%emt 0:00:04]} Ke7 {[%emt 0:00:02]} 48. Qe6+ {[%emt 0:00:03]} Kd8 {[%emt 0:00:01]} 49. Qg8+ {[%emt 0:00:02]} Ke7 {[%emt 0:00:01]} 50. Qe6+ {[%emt 0:00:01]} Kf8 {[%emt 0:00:01]} 51. Qf6+ {[%emt 0:00:01]} Ke8 {[%emt 0:00:03]} 1/2-1/2